| 000 | 00595cam a22002051 4500 | ||
|---|---|---|---|
| 001 | ca 34000792 | ||
| 003 | DLC | ||
| 005 | 20260227111132.0 | ||
| 008 | 800205s1934 mauf 000 0 eng | ||
| 010 | _aca 34000792 | ||
| 035 | _a(OCoLC)5950958 | ||
| 040 |
_aDLC _cOCl _dDLC |
||
| 050 | 0 | 0 |
_aPS3537.T2434 _bF5 1934 |
| 082 | _a812.5 | ||
| 100 | 1 |
_aStarling, Lynn, _d1891-1955. |
|
| 245 | 1 | 4 |
_aThe first apple, _ba modern comedy in three acts, _cby Lynn Starling. |
| 260 |
_aBoston, _bWalter H. Baker company _c[c1934] |
||
| 300 |
_a154 p. _b2 pl. _c20 cm. |
||
| 490 | 0 | _aBaker's professional plays | |
| 999 |
_c17350 _d17350 |
||